| 000 | 00640nam a2200217Ii 4500 | ||
|---|---|---|---|
| 001 | 17211 | ||
| 003 | CO-ViMGA | ||
| 008 | 241108s9999||||xx |||||||||||||| ||und|| | ||
| 020 | _a9789587613278 | ||
| 040 |
_aCO-ViMGA _bspa _erda _cCO-ViMGA |
||
| 041 | 0 | _aspa | |
| 082 | 0 | 4 | _a153.752 V14m |
| 100 | 1 |
_aJoaquín Vallejo Arbeláez _948598 |
|
| 245 | 1 | 0 | _aEl misterio del tiempo |
| 264 | 1 | _aBogotá, Colombia : Universidad Nacional de Colombia, 2012 | |
| 300 | _avolumen | ||
| 336 |
_atext _btxt _2rdacontent |
||
| 337 |
_aunmediated _bn _2rdamedia |
||
| 338 |
_avolume _bnc _2rdacarrier |
||
| 940 | _aidficha_siabuc: 16876. -- ficha_no_siabuc:17211 | ||
| 999 |
_c43240 _d43240 |
||